| 000 | 00771nam a2200205Ii 4500 | ||
|---|---|---|---|
| 003 | JO-AjNU | ||
| 008 | 230605s9999||||xx |||||||||||||| ||und|| | ||
| 040 |
_aJO-AjNU _bara _erda _cJO-AjNU |
||
| 041 | _aara | ||
| 050 | 1 | 4 | _aDS126.P64.A7712 1992 |
| 100 | 3 |
_aدار المؤلف, _eauthor _938130 |
|
| 245 | 0 | 0 | _a أرض الأكاذيب: القصة المثيرة لجاسوس إسرائيل الأميركي اليهودي يوناثان جي بولارد |
| 250 | _aط1 | ||
| 264 | 3 | 1 | _aبيروت: المؤلف، 1992 |
| 300 | _a260ص | ||
| 336 |
_atext _btxt _2rdacontent |
||
| 337 |
_aunmediated _bn _2rdamedia |
||
| 338 |
_avolume _bnc _2rdacarrier |
||
| 650 | 4 |
_aالجاسوسية- اسرائيل، الجواسيس الاسرائيليون- تراجم _938131 |
|
| 999 |
_aA15994 _c19562 _d19562 |
||